000 00274nam a2200109Ia 4500
008 190912s9999||||xx |||||||||||||| ||und||
100 _aWaheed Ahmad
245 4 _aThe Nation's Voice United We Win Vol-II
260 _akarachi
_bMcGraw-Hill
_c1996
300 _a862
942 _cBK
999 _c7351
_d7351